[Event "WJun"]
[Site "Instanbul TUR"]
[Date "2005.11.22"]
[Round "13"]
[White "Cornette,M"]
[Black "Akshat,K"]
[Result "1-0"]
[WhiteElo "2418"]
[BlackElo "2275"]

1.e4 c5 2.Nf3 d6 3.Bb5+ Nd7 4.O-O Nf6 5.d4 cxd4 6.Qxd4 e5 7.Qd3 h6 8.c4 Be7
9.Nc3 O-O 10.Bxd7 Bxd7 11.Rd1 Qc7 12.a4 Be6 13.b3 a6 14.a5 b6 15.axb6 Qxb6
16.Be3 Qb7 17.h3 Rfd8 18.Rab1 Rac8 19.Nh2 Nh5 20.Nf1 Bg5 21.Qd2 Nf4 22.Bxf4 exf4
23.Qd3 Bf6 24.Nd5 Be5 25.Nh2 Rf8 26.Qf3 g5 27.Ng4 Bxg4 28.Qxg4 Rce8 29.h4 f6
30.Qf5 Qf7 31.b4 Kh8 32.Rd3 Rg8 33.Rh3 h5 34.b5 axb5 35.cxb5 gxh4 36.Rxh4 Rg5
37.Qh3 Reg8 38.Kh1 Qh7 39.Qf3 f5 40.exf5 Qxf5 41.Rd1 Rg4 42.Rh2 Qh7 43.b6 h4
44.Rc1 Qd7 45.Qe4 R8g6 46.Rd1 Qb5 47.Qf5 Qe2 48.Qc8+  1-0

[Event "18th Belgrade Trophy"]
[Site "Obrenovac SCG"]
[Date "2005.11.22"]
[Round "1"]
[White "Popovic,Du"]
[Black "Sarenac,D"]
[Result "1-0"]
[WhiteElo "2480"]
[BlackElo "2154"]

1.e4 c5 2.Nf3 d6 3.Bb5+ Nc6 4.O-O Bd7 5.Re1 Nf6 6.c3 a6 7.Bf1 Bg4 8.d3 e6
9.Nbd2 Be7 10.h3 Bh5 11.g4 Bg6 12.Nh4 Nd7 13.Ng2 e5 14.Ne3 O-O 15.Nf5 Bxf5
16.exf5 Bg5 17.Bg2 Nf6 18.Nc4 Bxc1 19.Rxc1 g6 20.Ne3 g5 21.a3 Re8 22.b4 Rc8
23.Nd5 Nxd5 24.Bxd5 Qf6 25.bxc5 dxc5 26.Qf3 b5 27.Re2 Ne7 28.Be4 Rc7 29.Rce1 Nc8
30.Bd5 Nb6 31.Be4 c4 32.dxc4 Nxc4 33.Rd1 Ree7 34.Rd8+ Kg7 35.Qd3 h6 36.Ra2 Qb6
37.a4 bxa4 38.Qd5 Qc5 39.Qa8 Rcd7 40.Rg8+ Kf6 41.Rg6+  1-0

[Event "18th Belgrade Trophy"]
[Site "Obrenovac SCG"]
[Date "2005.11.25"]
[Round "4"]
[White "Mladenovic,M"]
[Black "Volas,N"]
[Result "0-1"]
[WhiteElo "1849"]
[BlackElo "2146"]

1.e4 c5 2.Nf3 d6 3.Bb5+ Nc6 4.O-O Bd7 5.c3 Nf6 6.Qe2 a6 7.Bxc6 Bxc6 8.d3 e6
9.Bg5 Be7 10.Nbd2 O-O 11.d4 cxd4 12.cxd4 Bb5 13.Qe3 Bxf1 14.Kxf1 Ng4 15.Qf4 Nxh2+
16.Ke2 Nxf3 17.Nxf3 Bxg5 18.Nxg5 h6 19.Nf3 Qb6 20.b3 e5  0-1

[Event "18th Belgrade Trophy"]
[Site "Obrenovac SCG"]
[Date "2005.11.25"]
[Round "4"]
[White "Stamatovic,A"]
[Black "Roeder,M"]
[Result "0-1"]
[WhiteElo "2224"]
[BlackElo "2415"]

1.e4 c5 2.Nf3 d6 3.Bb5+ Nc6 4.Bxc6+ bxc6 5.O-O e5 6.d3 Be7 7.Nbd2 Nf6 8.Nc4 O-O
9.Bd2 Be6 10.Qe2 Nd7 11.c3 f5 12.exf5 Bxf5 13.h3 Qe8 14.Ne1 Qg6 15.Kh1 Rae8
16.Ne3 Be6 17.N1c2 d5 18.d4 exd4 19.cxd4 Bf6 20.Bc3 Bf5 21.Qd2 Bd3 22.Rfd1 Be4
23.dxc5 Bg5 24.Qd4 Rxf2 25.Rd2 Rxd2 26.Bxd2 Bf6 27.Qa4 Bxb2 28.Rf1 Be5 29.Be1 Nxc5
30.Qxa7 Nd3 31.Qd7 Nc5 32.Qa7 Ne6 33.Qd7 d4 34.Ng4 h5 35.Bg3 hxg4 36.Bxe5 Bxc2
37.hxg4 Be4 38.Re1 Bd5 39.Bxd4 Rd8 40.Qe7 Qxg4  0-1

[Event "National Chess Congress"]
[Site "Philadelphia USA"]
[Date "2005.11.25"]
[Round "2"]
[White "Lein,A"]
[Black "Agaian,S"]
[Result "0-1"]
[WhiteElo "2354"]
[BlackElo "2180"]

1.e4 c5 2.Nf3 d6 3.Bb5+ Bd7 4.Bxd7+ Qxd7 5.c4 Nc6 6.d4 cxd4 7.Nxd4 Nf6 8.f3 e6
9.Nc3 Be7 10.Be3 Ne5 11.Qe2 d5 12.cxd5 exd5 13.f4 Nc4 14.e5 Ng4 15.Bg1 O-O
16.O-O-O Rac8 17.e6 Qd6 18.Nc2 fxe6 19.Qxg4 Rxf4 20.Qg3 Bf6 21.Bd4 e5 22.Be3 Nxb2
23.Rxd5 Qc6 24.Bd2 Na4 25.Qd3 Nxc3 26.Bxc3 Rc4 27.Bb2 Rxc2+ 28.Kb1 Rxb2+
29.Kxb2 e4+  0-1

[Event "18th Belgrade Trophy"]
[Site "Obrenovac SCG"]
[Date "2005.11.26"]
[Round "5"]
[White "Popovic,Du"]
[Black "Vujacic,Bo"]
[Result "1-0"]
[WhiteElo "2480"]
[BlackElo "2377"]

1.e4 c5 2.Nf3 d6 3.Bb5+ Bd7 4.Bxd7+ Nxd7 5.O-O Ngf6 6.Qe2 e6 7.d4 cxd4 8.Nxd4 Be7
9.c4 O-O 10.b3 a6 11.Bb2 Qa5 12.Nc3 Rac8 13.Rad1 Rfe8 14.f4 Bf8 15.Kh1 e5
16.Nf5 Re6 17.fxe5 Nxe5 18.Nd5 Nfd7 19.Bc3 Qd8 20.Nf4 Rf6 21.Nd3 Qc7 22.Nf4 Qb8
23.Ne3 Rh6 24.Ng4 Nxg4 25.Qxg4 Ne5 26.Bxe5 dxe5 27.Nd5 Rcc6 28.Qd7 f6 29.Ne7+ Bxe7
30.Qxe7 Rc8 31.Rd7 Rg6 32.Rxf6  1-0

[Event "IV I Subasic Mem"]
[Site "Zenica BIH"]
[Date "2005.11.26"]
[Round "9"]
[White "Savic,Miod1"]
[Black "Saric,Ib"]
[Result "1/2-1/2"]
[WhiteElo "2542"]
[BlackElo "2441"]

1.e4 c5 2.Nf3 d6 3.Bb5+ Bd7 4.Bxd7+ Qxd7 5.O-O Nc6 6.Re1 Nf6 7.c3 e6 8.d3 Be7
9.a4 O-O 10.h3 a6 11.Bf4 b5 12.Nbd2  1/2-1/2

[Event "TCh-HUN 2005-6"]
[Site "Hungary HUN"]
[Date "2005.11.27"]
[Round "4"]
[White "Emodi,G"]
[Black "Csom,I"]
[Result "1/2-1/2"]
[WhiteElo "2362"]
[BlackElo "2463"]

1.e4 c5 2.Nf3 d6 3.Bb5+ Nd7 4.c3 Nf6 5.Qe2 a6 6.Ba4 Qc7 7.O-O c4 8.Bc2 e5
9.a4 Qc6 10.Re1 Be7 11.b3 cxb3 12.Bxb3 Nc5 13.Bc2 Bg4 14.h3 Bh5 15.d4 Ncd7
16.g4 Bg6 17.Ba3 Rc8 18.a5 Qc7 19.Bb4 O-O 20.Na3  1/2-1/2

[Event "TCh-HUN 2005-6"]
[Site "Hungary HUN"]
[Date "2005.11.27"]
[Round "4"]
[White "Seres,L"]
[Black "Kiss,At"]
[Result "1/2-1/2"]
[WhiteElo "2396"]
[BlackElo "2412"]

1.e4 c5 2.Nf3 d6 3.Bb5+ Bd7 4.Bxd7+ Qxd7 5.O-O Nc6 6.Re1 Nf6 7.b3 e6 8.Bb2 Be7
9.d4 cxd4 10.Nxd4 O-O 11.c4 a6 12.Nxc6 Qxc6 13.Nd2 Rfd8 14.Qe2 Rac8 15.Rac1  1/2-1/2

[Event "WCC"]
[Site "Khanty Mansyisk RUS"]
[Date "2005.11.27"]
[Round "1.1"]
[White "Kabanov,N"]
[Black "Bruzon,L"]
[Result "0-1"]
[WhiteElo "2506"]
[BlackElo "2677"]

1.e4 c5 2.Nf3 d6 3.Bb5+ Bd7 4.Bxd7+ Nxd7 5.c4 Ngf6 6.Nc3 e6 7.O-O Be7 8.a3 Ne5
9.Ne1 O-O 10.d3 Nc6 11.f4 a6 12.Nf3 Rb8 13.a4 Qd7 14.Kh1 b6 15.Be3 Qb7 16.Qe2 Nd7
17.g4 Rbe8 18.Qg2 Nb4 19.Rad1 d5 20.cxd5 exd5 21.Bc1 d4 22.Ne2 Bd8 23.Ng3 Qc6
24.g5 Qxa4 25.Qh3 Qc6 26.Nf5 Re6 27.Rg1 Rfe8 28.Nxg7 Kxg7 29.f5 Nxd3 30.Rxd3 Rxe4
31.g6 fxg6 32.Qh6+ Kh8 33.fxg6 Nf6 34.Bg5 Qb7 35.g7+ Kg8 36.Bxf6 R4e6 37.Qh5 Bxf6
38.Rd2 Re5  0-1

[Event "18th Belgrade Trophy"]
[Site "Obrenovac SCG"]
[Date "2005.11.27"]
[Round "6"]
[White "Stamatovic,A"]
[Black "Damjanovic,L"]
[Result "0-1"]
[WhiteElo "2224"]
[BlackElo "2107"]

1.e4 c5 2.Nf3 d6 3.Bb5+ Nc6 4.Bxc6+ bxc6 5.O-O e5 6.c3 f5 7.d4 cxd4 8.Re1 fxe4
9.Rxe4 Bf5 10.Re1 Be7 11.cxd4 e4 12.Nfd2 d5 13.f3 Qb6 14.Qa4 Nf6 15.Nc3 O-O
16.fxe4 Bb4 17.Nxd5 cxd5 18.exf5 Qxd4+ 19.Kh1 Ng4 20.Nf3 Nf2+ 21.Kg1 Nh3+  0-1

[Event "18th Belgrade Trophy"]
[Site "Obrenovac SCG"]
[Date "2005.11.28"]
[Round "7"]
[White "Savic,Draga"]
[Black "Havlicek,L2"]
[Result "1/2-1/2"]
[WhiteElo "2193"]
[BlackElo "2329"]

1.e4 c5 2.Nf3 d6 3.Bb5+ Bd7 4.Bxd7+ Qxd7 5.O-O Nc6 6.c3 d5 7.exd5 Qxd5 8.d4 Rd8
9.Qa4 e6 10.Re1 cxd4 11.cxd4 b5 12.Qa6 Nb4 13.Qa5 Nc2 14.Nc3 Bb4 15.Qxb4 Nxb4
16.Nxd5 Rxd5 17.Rd1 Ne7 18.b3 f6 19.Bb2 Kd7 20.a4 Nbc6 21.Ne1 bxa4 22.Rxa4 Rd8
23.Nd3 Ke8 24.Nf4 R5d6 25.Re1 Rb8 26.Nxe6 Rxb3 27.Ra2 Kf7 28.Nc5 Rb4 29.Kf1 Rb8
30.Ba1 Nf5 31.Rc1 Nfxd4 32.Bxd4 Rxd4 33.Na6 Rb6 34.Nc7 Rd7 35.Na8 Rb8 36.Rxc6 Rxa8
37.Rca6 Kg6 38.g3 h5 39.h4 Re7 40.Kg2 Kh6 41.R2a5 Kg6 42.Ra2 Rf7 43.R2a5 Kh6
44.Kf1 g6 45.Kg2 f5 46.Ra4 Rd7 47.R4a5 Kg7  1/2-1/2

[Event "It"]
[Site "Tuzla BIH"]
[Date "2005.11.28"]
[Round "4"]
[White "Majeric,Z"]
[Black "Trumic,E"]
[Result "1-0"]
[WhiteElo "2345"]
[BlackElo "2337"]

1.e4 c5 2.Nf3 d6 3.Bb5+ Bd7 4.Bxd7+ Qxd7 5.O-O Nc6 6.c3 Nf6 7.Qe2 e6 8.Rd1 Be7
9.d4 cxd4 10.cxd4 O-O 11.Nc3 Rfe8 12.h3 Bf8 13.Bg5 h6 14.Bxf6 gxf6 15.d5 Ne5
16.Nh4 Bg7 17.Qh5 b5 18.f4 b4 19.Ne2 Nc4 20.b3 Nb6 21.Rd3 f5 22.Rg3 fxe4
23.f5 Nxd5 24.Qxh6 f6 25.fxe6 Rxe6 26.Nf5 Re7 27.Ned4 Rae8 28.Ne6 Nf4 29.Rxg7+ Rxg7
30.Nexg7 Ne2+ 31.Kh2 Rf8 32.Ne6 Rf7 33.Qg6+ Kh8 34.Nh6 Rf8  1-0

[Event "It"]
[Site "Tuzla BIH"]
[Date "2005.11.29"]
[Round "5"]
[White "Nurkic,S"]
[Black "Rosic,S1"]
[Result "0-1"]
[WhiteElo "2426"]
[BlackElo "2291"]

1.e4 c5 2.Nf3 d6 3.Bb5+ Bd7 4.a4 e6 5.O-O Nf6 6.Re1 Be7 7.c3 O-O 8.d4 Bxb5
9.axb5 d5 10.e5 Ne4 11.Be3 c4 12.b3 cxb3 13.Qxb3 Nd7 14.c4 dxc4 15.Qxc4 Nb6
16.Qd3 Qd5 17.Nbd2 Nxd2 18.Bxd2 Rfc8 19.h3 h6 20.Qb1 Nc4 21.Bb4 Bxb4 22.Qxb4 a5
23.bxa6 bxa6 24.Rec1 a5 25.Qa4 g6 26.Rab1 Rc7 27.Rc2 Rac8 28.Rbc1 Kg7 29.Qa1 g5
30.h4 g4 31.Ne1 Qe4 32.h5 Rc6 33.Rc3 Qxd4 34.Rg3 Qe4 35.Nd3 Rd8 36.Rc3 Rb6
37.Kh2 Kh7 38.Qc1 Nxe5 39.Re3 Nxd3 40.Rexd3 Qf4+ 41.g3  0-1

[Event "IX Mirko Srajber mem"]
[Site "Subotica SCG"]
[Date "2005.12.02"]
[Round "2"]
[White "Czebe,A"]
[Black "Lupulescu,C"]
[Result "1/2-1/2"]
[WhiteElo "2497"]
[BlackElo "2528"]

1.e4 c5 2.Nf3 d6 3.Bb5+ Bd7 4.Bxd7+ Qxd7 5.c4 Nf6 6.Nc3 g6 7.O-O Bg7 8.e5 dxe5
9.Nxe5 Qc8 10.Qa4+ Nbd7 11.Re1 O-O 12.Nxd7 Qxd7 13.Qxd7 Nxd7 14.Rxe7 Rae8
15.Nd5 Nb6 16.Kf1 Nxd5 17.Rxe8 Rxe8 18.cxd5 Rd8 19.d3 Rxd5 20.Ke2 Rd6 21.Be3 Ra6
22.Bxc5 Bxb2 23.Rd1 b6 24.Be3 Bc3 25.d4 Rxa2+ 26.Kd3 Ba5 27.Kc4 Kf8 28.Kb5 Ke7
29.Kc6 Rc2+ 30.Kb7 Kd6 31.Kxa7 Kd5 32.Rb1 Kc6 33.g4 Ra2 34.Rc1+ Kd5 35.Kb7 Bd2
36.Rc7 Bxe3 37.fxe3 b5 38.Rc5+ Kd6 39.Rxb5 Rxh2 40.e4 h5 41.Rd5+ Ke6 42.gxh5 gxh5
43.Kc7 Rc2+ 44.Rc5 Rxc5+ 45.dxc5 h4 46.c6 h3 47.Kd8 h2 48.c7 h1=Q 49.c8=Q+ Kf6
50.Qf5+ Kg7 51.Qg4+ Kf8  1/2-1/2

[Event "TCh-BEL 2005-6"]
[Site "Belgium BEL"]
[Date "2005.12.04"]
[Round "5"]
[White "Nieto,E"]
[Black "Huizer,M"]
[Result "1/2-1/2"]
[WhiteElo "2187"]
[BlackElo "2222"]

1.e4 c5 2.Nf3 d6 3.Bb5+ Bd7 4.Bxd7+ Nxd7 5.O-O Ngf6 6.Qe2 e6 7.b3 Be7 8.Bb2 O-O
9.d3 Ne8 10.Nbd2 Bf6 11.c3 Rc8 12.Rfd1 b5 13.Nf1 Qb6 14.Ne3 g6 15.d4 Qb7
16.d5 e5 17.Bc1 Bg7 18.g4 Nef6 19.Nd2 Bh6 20.Ng2 Rce8 21.h3 a6 22.Nf1 Bxc1
23.Raxc1 h6 24.Ng3 Kh7 25.Ne3 Rg8 26.Kh2 Ref8 27.Rg1 Nb6 28.h4 Qd7 29.g5 Ne8
30.Rcf1 hxg5 31.hxg5 Rh8 32.Kg2 Kg7 33.Rh1 f6 34.gxf6+ Nxf6 35.Rfg1  1/2-1/2

[Event "48th It"]
[Site "Reggio Emilia ITA"]
[Date "2005.12.05"]
[Round "8"]
[White "Zimina,O"]
[Black "Fercec,N"]
[Result "1/2-1/2"]
[WhiteElo "2397"]
[BlackElo "2512"]

1.e4 c5 2.Nf3 d6 3.Bb5+ Nc6 4.O-O Bd7 5.Re1 Nf6 6.c3 a6 7.Bf1 Bg4 8.h3 Bxf3
9.Qxf3 g6 10.d3 Bg7 11.Be3 O-O 12.Nd2 Nd7 13.Qd1 b5 14.a3 a5 15.Nf3 b4 16.d4 bxc3
17.bxc3 Qc7 18.Rb1 a4 19.Bb5 Rfb8 20.Re2 Rb7 21.Reb2 Rba7 22.dxc5 dxc5 23.Qd5 Rc8
24.Bxc6 Qxc6 25.Rb7 Rxb7 26.Rxb7 Qxd5 27.exd5 Ne5 28.Nxe5 Bxe5 29.Rxe7 Bxc3
30.d6 Bf6 31.Rc7 Rd8 32.Bxc5 Be5 33.Rc6 Kg7 34.g3 g5 35.Ra6 Kf6 36.Rxa4 Ke6
37.Ra7 h5 38.Kg2 g4 39.Bb4 f6 40.Re7+ Kd5 41.Rh7 Ke6 42.Rxh5 gxh3+ 43.Kxh3 Bxd6
44.Rb5 Be5 45.f4 Bd4 46.f5+ Kf7 47.Rb7+ Kg8 48.g4 Be5 49.Kh4 Rd1 50.Kh5 Rh1+
51.Kg6 Rg1 52.Rg7+ Kh8 53.Kf7 Rc1 54.Bf8 Rc7+ 55.Kg6 Rc4 56.g5 fxg5 57.f6 Bxf6
58.Kxf6 Rf4+ 59.Ke7 Ra4 60.Kf7 Ra7+ 61.Kg6 Ra6+ 62.Kh5 Rf6 63.Rxg5 Rxf8 64.a4 Rf4
65.a5 Kh7 66.Rb5 Kg7 67.Kg5 Ra4 68.Rf5 Rb4 69.Re5 Kf7 70.Kf5 Ra4 71.Rd5 Ke7
72.Ke5 Rh4 73.a6 Ra4  1/2-1/2

[Event "FSIM December"]
[Site "Budapest HUN"]
[Date "2005.12.06"]
[Round "4"]
[White "Caruana,F"]
[Black "Muratet Casadevall,A"]
[Result "1-0"]
[WhiteElo "2373"]
[BlackElo "2175"]

1.e4 c5 2.Nf3 d6 3.Bb5+ Bd7 4.Bxd7+ Qxd7 5.c4 Qg4 6.O-O Qxe4 7.d4 Nd7 8.Nc3 Qc6
9.d5 Qb6 10.Be3 g6 11.Qd2 Bg7 12.Rfe1 Ne5 13.Nxe5 Bxe5 14.Bf4 Bg7 15.Rab1 Nf6
16.a3 O-O 17.Rxe7 Rfe8 18.Rbe1 Rxe7 19.Rxe7 Bf8 20.Re2 Qb3 21.Qd3 Nd7 22.Qg3 Qxc4
23.Bxd6 Bg7 24.Qf3 Nf6 25.h3 b5 26.Be7 Re8 27.d6 b4 28.Bxf6 Rxe2 29.d7 Rd2
30.Qa8+ Bf8 31.Be7  1-0

[Event "IX Mirko Srajber mem"]
[Site "Subotica SCG"]
[Date "2005.12.06"]
[Round "7"]
[White "Popovic,Du"]
[Black "Lupulescu,C"]
[Result "0-1"]
[WhiteElo "2480"]
[BlackElo "2528"]

1.e4 c5 2.Nf3 d6 3.Bb5+ Nd7 4.d4 Nf6 5.Nc3 a6 6.Bxd7+ Nxd7 7.O-O cxd4 8.Qxd4 e6
9.Bg5 Qc7 10.Rad1 f6 11.Bh4 Ne5 12.Nd2 g5 13.Bg3 Bd7 14.Kh1 Be7 15.f3 b5
16.a3 Rb8 17.Qe3 O-O 18.Rc1 Qb6 19.Qe2 a5 20.Nd1 b4 21.axb4 axb4 22.Qe1 Bb5
23.Rg1 f5 24.exf5 exf5 25.f4 gxf4 26.Bxf4 Rf7 27.Ne3 Ng6 28.Bg3 f4 29.Ng4 fxg3
30.Nh6+ Kg7 31.Nxf7 gxh2 32.Kxh2 Kxf7 33.Nf3 Rc8 34.Qxb4 Rc4 35.Qd2 Kg7 36.b3 Rc5
37.g4 Bf6 38.Rcd1 Qc6 39.Nd4 Qe4 40.Nf5+ Rxf5 41.gxf5 Be5+  0-1

[Event "IX Mirko Srajber mem"]
[Site "Subotica SCG"]
[Date "2005.12.07"]
[Round "8"]
[White "Cornette,M"]
[Black "Nadj Hedjesi,B"]
[Result "1-0"]
[WhiteElo "2418"]
[BlackElo "2378"]

1.e4 c5 2.Nf3 d6 3.Bb5+ Bd7 4.Bxd7+ Qxd7 5.O-O Nc6 6.c3 Nf6 7.Re1 Ne5 8.d4 Nxf3+
9.Qxf3 e6 10.dxc5 dxc5 11.e5 Nd5 12.Na3 Be7 13.Qg3 g6 14.Bh6 a6 15.Nc4 b5
16.Nd2 Qc7 17.a4 b4 18.Nc4 Bf8 19.Nd6+ Bxd6 20.exd6 Qc6 21.cxb4 Nxb4 22.Rac1 Nd5
23.b4 Nxb4 24.Qe5 Kd7 25.Qf6 Rhe8 26.Qxf7+ Kc8 27.Rxc5  1-0

[Event "FSIM December"]
[Site "Budapest HUN"]
[Date "2005.12.08"]
[Round "6"]
[White "Caruana,F"]
[Black "Varga,Cs2"]
[Result "1-0"]
[WhiteElo "2373"]
[BlackElo "2279"]

1.e4 c5 2.Nf3 d6 3.Bb5+ Nd7 4.O-O a6 5.Bxd7+ Bxd7 6.d4 cxd4 7.Qxd4 e5 8.Qd3 h6
9.c4 Nf6 10.Nc3 Be7 11.b3 O-O 12.a4 Rc8 13.Ba3 Rc6 14.Rfd1 Re8 15.h3 Bf8
16.Ra2 Qb6 17.a5 Qd8 18.Bb4 Qc8 19.Qe3 Nh5 20.Nd5 Be6 21.g4 Bxg4 22.hxg4 Qxg4+
23.Kf1 Nf4 24.Nxf4 exf4 25.Qd3 Qh3+ 26.Ke2 f5 27.Qd5+ Kh7 28.e5 dxe5 29.Ng5+ hxg5
30.Rh1 Qxh1 31.Qxh1+ Rh6 32.Qxb7 Bxb4 33.Qxb4 g4 34.Qb7 e4 35.Qf7 Re5 36.Qc7 Rhe6
37.Ra1 Kg6 38.Rd1 e3 39.f3 Re7 40.Rd6+ Kg5 41.Rd7 Rxd7 42.Qxd7 Kh4 43.Qc7  1-0

[Event "Bundesliga 2005-6"]
[Site "Solingen GER"]
[Date "2005.12.10"]
[Round "5"]
[White "Meier,Geo"]
[Black "Naumann,A"]
[Result "1/2-1/2"]
[WhiteElo "2411"]
[BlackElo "2534"]

1.e4 c5 2.Nf3 d6 3.Bb5+ Bd7 4.Bxd7+ Qxd7 5.c4 Nc6 6.d4 cxd4 7.Nxd4 Nf6 8.Nc3 Qg4
9.Qxg4 Nxg4 10.Nxc6 bxc6 11.Bf4 g6 12.h3 Nf6 13.e5 Nh5 14.Bh2 dxe5 15.Bxe5 Bg7
16.Bxg7 Nxg7 17.O-O-O Rd8 18.b4 Ne6 19.b5 cxb5 20.cxb5 f5 21.Rxd8+ Kxd8 22.Rd1+ Kc7
23.Kb2 Nf4 24.Nd5+ Nxd5 25.Rxd5 e6 26.Rc5+ Kb6 27.Re5  1/2-1/2

[Event "GM"]
[Site "Elgoibar ESP"]
[Date "2005.12.13"]
[Round "5"]
[White "Maze,S"]
[Black "Argandona Rivero,I"]
[Result "1/2-1/2"]
[WhiteElo "2506"]
[BlackElo "2397"]

1.e4 c5 2.Nf3 d6 3.Bb5+ Bd7 4.Bxd7+ Qxd7 5.O-O Nc6 6.c3 Nf6 7.Re1 e6 8.d4 cxd4
9.cxd4 d5 10.e5 Ng8 11.Nbd2 Nge7 12.Nf1 Ng6 13.h4 h5 14.a3 Be7 15.g3 a5 16.b3 a4
17.b4 Na7 18.Bg5 Bxg5 19.Nxg5 Ne7 20.Qd3 Nf5 21.Ne3 Nxe3 22.fxe3 O-O-O 23.b5 f6
24.b6 Nc6 25.Nf3 Kb8 26.Rac1 Rc8 27.Qb5 Nxe5 28.Qa5 Nc6 29.Qxa4 Qd6 30.Kg2 Rcg8
31.Rc5 g5 32.Rec1 gxh4 33.Ne5 Rxg3+ 34.Kh2 Rg4 35.R1c4 Rhg8 36.Rxc6 Rg2+
37.Kh1 Rg1+ 38.Kh2 R1g2+  1/2-1/2

[Event "12th Open"]
[Site "Zadar CRO"]
[Date "2005.12.13"]
[Round "2"]
[White "Saric,Ib"]
[Black "Palac,M"]
[Result "1/2-1/2"]
[WhiteElo "2441"]
[BlackElo "2571"]

1.e4 c5 2.Nf3 d6 3.Bb5+ Nc6 4.O-O Bd7 5.Re1 Nf6 6.h3 g6 7.c3 Ne5 8.Bxd7+ Nfxd7
9.Nxe5 dxe5 10.d3 Bg7 11.Be3 O-O 12.Nd2 Qc7 13.Qb3 Rfd8 14.Nc4 Nf8 15.Red1 Ne6
16.Qb5 b6 17.a4 Qb7 18.Na5 Qc8 19.Nc4 Qb7 20.Na5  1/2-1/2

[Event "12th Open"]
[Site "Zadar CRO"]
[Date "2005.12.13"]
[Round "2"]
[White "Ljubicic,F"]
[Black "Biliskov,V"]
[Result "1-0"]
[WhiteElo "2400"]
[BlackElo "2316"]

1.e4 c5 2.Nf3 d6 3.Bb5+ Bd7 4.Bxd7+ Nxd7 5.c4 Ngf6 6.Nc3 e6 7.O-O Be7 8.d3 O-O
9.Ne1 Ne5 10.f4 Nc6 11.Nc2 a6 12.Qf3 Rb8 13.Be3 Qc7 14.Rad1 b5 15.b3 Nd7
16.g4 bxc4 17.dxc4 Nb4 18.Nxb4 cxb4 19.Na4 Qb7 20.Bd4 f5 21.exf5 exf5 22.g5 Rfe8
23.Qxb7 Rxb7 24.Rfe1 Kf7 25.Bf2 g6 26.Kg2 Rc8 27.Kf3 Bf8 28.Rd5 Rc6 29.h4 h5
30.Rd3 Rc8 31.Rd5 Rc6 32.Bd4 Rb8 33.Nb2 Be7 34.Nd3 Nf8 35.Be3 Ne6 36.Bd2 Nc7
37.Ra5 d5 38.Ne5+  1-0

[Event "72nd ch-BRA"]
[Site "Guarulhos BRA"]
[Date "2005.12.15"]
[Round "5"]
[White "Di Berardino,D"]
[Black "Fier,A"]
[Result "0-1"]
[WhiteElo "2312"]
[BlackElo "2443"]

1.e4 c5 2.Nf3 d6 3.Bb5+ Nd7 4.d4 cxd4 5.Qxd4 a6 6.Bxd7+ Bxd7 7.O-O Bc6 8.Bg5 Nf6
9.Nbd2 h6 10.Bxf6 gxf6 11.Nc4 Rg8 12.Rfe1 Qd7 13.Re3 Qg4 14.Ne1 Bg7 15.h3 Qe6
16.Nb6 Rd8 17.Nd5 Qe5 18.Qd1 Kf8 19.Nd3 Qd4 20.c3 Qa7 21.Qf3 b5 22.N3f4 e6
23.Nb4 Bb7 24.Nh5 f5 25.Qf4 Be5 26.Qxh6+ Ke7 27.Nf4 fxe4 28.Rae1 d5 29.Kh1 Qb8
30.Nbd3 Rh8 31.Qg5+ Bf6 32.Qg4 Rdg8 33.Qd1 Bg5 34.g3 exd3  0-1

[Event "12th Open"]
[Site "Zadar CRO"]
[Date "2005.12.15"]
[Round "5"]
[White "Nevednichy,V"]
[Black "Nikolov,M"]
[Result "1/2-1/2"]
[WhiteElo "2594"]
[BlackElo "2435"]

1.e4 c5 2.Nf3 d6 3.Bb5+ Bd7 4.Bxd7+ Qxd7 5.O-O Nc6 6.c3 d5 7.exd5 Qxd5 8.d4 e6
9.Be3 cxd4 10.Nxd4 Nxd4 11.Bxd4 Ne7 12.Qb3 Qc6 13.Nd2 Nf5 14.Nf3 Bd6  1/2-1/2

[Event "12th Open"]
[Site "Zadar CRO"]
[Date "2005.12.15"]
[Round "6"]
[White "Pavasovic,D"]
[Black "Petkov,V"]
[Result "1/2-1/2"]
[WhiteElo "2527"]
[BlackElo "2529"]

1.e4 c5 2.Nf3 d6 3.Bb5+ Nc6 4.O-O Bd7 5.Re1 Nf6 6.c3 a6 7.Ba4 b5 8.Bc2 Bg4
9.d3 e6 10.Nbd2 Be7 11.h3 Bh5 12.Nf1 O-O 13.Ng3 Bg6 14.Nh4 d5 15.Nxg6 hxg6
16.e5 Nd7 17.d4 Rc8 18.Ne2 b4 19.Bd3 bxc3 20.bxc3 Qa5 21.Bd2 cxd4 22.cxd4 Bb4
23.Bxb4 Nxb4 24.a3 Nxd3 25.Qxd3 Rc4 26.Reb1 Nb8 27.Rb3 Nc6 28.Rab1 Rc8 29.g3 Na7
30.Kg2 Nb5 31.R1b2 Ra4 32.Qf3 Rcc4 33.h4 Qd8 34.Qe3 Qc7 35.Qd3 Qc6 36.Kh2 Qc7
37.Kg2 Qe7 38.Qe3 Rc8 39.Nc3 Nxc3 40.Rxc3 Rac4 41.Rbc2 Qc7 42.Rxc4 dxc4 43.Rc3 Qc6+
44.Kh2 Qd5 45.Rc1 Kf8 46.Qc3 a5 47.Rb1 Rd8 48.Rd1 g5 49.hxg5 Ke7 50.Kg1 Rh8
51.f3 g6 52.Rc1 Rc8 53.Kf2 Qb5 54.Rc2 Kf8 55.g4 Kg7 56.Kg3 a4 57.Rb2 Qd5
58.Rb4 Qc6 59.Kg2 Kg8 60.Kg3 Kg7 61.Kg2 Kg8 62.Kf2 Kg7 63.Kg3  1/2-1/2

[Event "Masters"]
[Site "Berkeley USA"]
[Date "2005.12.17"]
[Round "1"]
[White "Mezentsev,V"]
[Black "Yermolinsky,A"]
[Result "0-1"]
[WhiteElo "2409"]
[BlackElo "2549"]

1.e4 c5 2.Nf3 d6 3.Bb5+ Nd7 4.c3 Nf6 5.Qe2 e6 6.O-O Be7 7.d4 O-O 8.a4 Qc7
9.Bg5 h6 10.Bh4 Re8 11.Nbd2 Nh5 12.dxc5 Qxc5 13.Bxe7 Rxe7 14.Rfd1 a6 15.Bxd7 Bxd7
16.Nb3 Qc7 17.e5 dxe5 18.Qxe5 Qxe5 19.Nxe5 Be8 20.Nc4 Rc8 21.Nd6 Rd8 22.Nxe8 Rdxe8
23.a5 Rc7 24.Ra4 Nf6 25.Kf1 Kf8 26.Ke2 Ke7 27.Rad4 Rec8 28.R1d3 h5 29.h3 Nd5
30.Kd2 g6 31.g3 Rc6 32.Re4 Kf6 33.h4 b5 34.axb6 Rxb6 35.c4 Rb4 36.cxd5 Rxe4
37.d6 Re5 38.f4 Rb5 39.Ke3 Rd8 40.Nd2 Rxb2 41.Ne4+ Kg7 42.Rc3 Rb6 43.Rc7 Rbxd6
44.Nxd6 Rxd6 45.Ra7 Rb6 46.Kf3 Rb3+ 47.Kg2 Ra3  0-1

[Event "Masters"]
[Site "Berkeley USA"]
[Date "2005.12.18"]
[Round "4"]
[White "Stein,Alan"]
[Black "Sarkar,J"]
[Result "1-0"]
[WhiteElo "2422"]
[BlackElo "2315"]

1.e4 c5 2.Nf3 d6 3.Bb5+ Bd7 4.a4 Nc6 5.O-O Nf6 6.Qe2 a6 7.Bxc6 Bxc6 8.Nc3 e5
9.d3 b5 10.axb5 axb5 11.Bg5 Be7 12.Rxa8 Qxa8 13.Nh4 b4 14.Nd1 h6 15.Bxf6 Bxf6
16.Nf5 Qd8 17.Nfe3 O-O 18.Nc4 d5 19.exd5 Qxd5 20.Nde3 Qe6 21.Ng4 Bd8 22.Ngxe5 f6
23.Qg4 Qxg4 24.Nxg4 Bc7 25.Ra1 Ra8 26.Rxa8+ Bxa8 27.Nge3 Kf7 28.h4 h5 29.Nd2 Be5
30.Nec4 Bd4 31.Nb3 Bd5 32.Nxd4 cxd4 33.Nd6+ Ke6 34.Ne8 b3 35.cxb3 Kf7 36.Nd6+  1-0

[Event "5th Amplico AIG Life"]
[Site "Warsaw POL"]
[Date "2005.12.18"]
[Round "11"]
[White "Deszczynski,A"]
[Black "Jakubowski,K"]
[Result "1/2-1/2"]
[WhiteElo "2348"]
[BlackElo "2483"]

1.e4 c5 2.Nf3 d6 3.Bb5+ Bd7 4.Bxd7+ Nxd7 5.O-O Ngf6 6.Qe2 e6 7.c3 d5 8.e5 Ng8
9.d4 c4 10.b3 Nb6 11.Ba3 Be7 12.Bxe7 Nxe7 13.Nbd2 Rc8 14.Rac1 Qd7 15.Rfe1 Qb5
16.Nf1 Qa5 17.b4 Qb5 18.Ng3 g6 19.Qd2 Kd8 20.Ng5 Qe8 21.Qf4 Nf5 22.Nxf5 gxf5
23.Qh4 Kd7 24.Qh5 Na4 25.Rc2 h6 26.Qxf7+ Qxf7 27.Nxf7 Rhg8 28.Nd6 Rb8 29.Re3 b6
30.Rh3 Rg6 31.Kf1 Rbg8 32.g3 Ke7 33.Rh4 Rh8 34.Ke2 h5 35.h3 Rgg8 36.Kd2 Kf8
37.Nb5 Rh7 38.Ke3 a6 39.Na3 b5 40.Nb1 Kf7 41.Nd2 Kg6 42.Nf3 Ra8 43.Ng1 a5
44.bxa5 Rxa5 45.Ne2 Ra6 46.Nf4+ Kg5 47.Ng2 Nxc3 48.Rxc3 Rxa2 49.Nf4 Rh6 50.Rc1 b4
51.Ne2 Rh7 52.Nf4 Rh6 53.Ne2 Rh7 54.Nf4  1/2-1/2

[Event "5th Amplico AIG Life"]
[Site "Warsaw POL"]
[Date "2005.12.18"]
[Round "12"]
[White "Papin,V"]
[Black "Zhigalko,A"]
[Result "0-1"]
[WhiteElo "2425"]
[BlackElo "2537"]

1.e4 c5 2.Nf3 d6 3.Bb5+ Bd7 4.Bxd7+ Nxd7 5.O-O Ngf6 6.Qe2 e6 7.c3 Be7 8.d4 O-O
9.e5 Ne8 10.Bf4 Rc8 11.Re1 Nb6 12.Nbd2 cxd4 13.cxd4 d5 14.Qe3 Nc4 15.Nxc4 dxc4
16.Bg5 Nc7 17.Bxe7 Qxe7 18.Ng5 Nd5 19.Qg3 c3 20.bxc3 Rxc3 21.Qg4 Rfc8 22.h4 Rc2
23.Qe4 g6 24.Nf3 Qa3 25.h5 Rxa2 26.Rxa2 Qxa2 27.hxg6 hxg6 28.Qh4 Kg7 29.Ng5 Rh8
30.Qg4 Qd2 31.Rb1 Nf4 32.g3 Qd3 33.Ra1 Qxd4 34.Qd1 Ne2+ 35.Kg2 Nc3  0-1

[Event "12th Open"]
[Site "Zadar CRO"]
[Date "2005.12.18"]
[Round "9"]
[White "Neubauer,M"]
[Black "Ljubicic,F"]
[Result "1-0"]
[WhiteElo "2442"]
[BlackElo "2400"]

1.e4 c5 2.Nf3 d6 3.Bb5+ Nd7 4.d4 a6 5.Bxd7+ Bxd7 6.Nc3 Rc8 7.dxc5 Rxc5 8.Be3 Rc8
9.e5 Bc6 10.exd6 Qxd6 11.Qxd6 exd6 12.O-O-O Bxf3 13.gxf3 Nf6 14.Bd4 Be7 15.Bxf6 gxf6
16.Nd5 Bd8 17.Rhg1 Kf8 18.Rd4 Rg8 19.Rxg8+ Kxg8 20.Kd2 f5 21.Ne3 Bf6 22.Rxd6 Bxb2
23.Nxf5 Re8 24.c3 Ba3 25.Rd7 Bf8 26.Rxb7 Re5 27.Ng3 Ra5 28.Rb2 Ba3 29.Rc2 Kg7
30.c4 f5 31.Nh5+ Kf7 32.Nf4 Bb4+ 33.Ke2 Re5+ 34.Kd3 Ra5 35.Ke3 Bc5+ 36.Ke2 Ke7
37.Nd3 Kd6 38.Nxc5 Kxc5 39.Ke3 Ra3+ 40.Kf4 a5 41.Kxf5 Rxf3+ 42.Kg4 Rf6 43.f4 a4
44.f5 Rb6 45.Rf2 Rf6 46.Kg5 Rf7 47.f6 Kxc4 48.Rf4+ Kd5 49.Rxa4 Ke5  1-0

[Event "Masters"]
[Site "Berkeley USA"]
[Date "2005.12.19"]
[Round "5"]
[White "Ehlvest,J"]
[Black "Panjwani,R"]
[Result "1-0"]
[WhiteElo "2618"]
[BlackElo "2209"]

1.e4 c5 2.Nf3 d6 3.Bb5+ Nc6 4.O-O Bd7 5.Re1 Nf6 6.c3 a6 7.Bf1 Bg4 8.h3 Bxf3
9.Qxf3 g6 10.d3 Bg7 11.Bg5 b5 12.a3 Nd7 13.Nd2 Rb8 14.Qd1 O-O 15.Nf3 Qb6
16.Qd2 Rfc8 17.Rad1 a5 18.d4 b4 19.a4 Rc7 20.Bb5 Na7 21.Bxe7 Nxb5 22.axb5 cxd4
23.cxb4 axb4 24.Qg5 Rc2 25.Qd5 d3 26.Re3 Bh6 27.Ng5 Ne5 28.Nxf7 Nxf7 29.Rf3 Bg7
30.Qxf7+ Kh8 31.Bf6 Rg8 32.Bxg7+ Rxg7 33.Qf8+ Rg8 34.Qf6+ Rg7 35.Rfxd3 h6
36.Rxd6 Qxb5 37.Rd7  1-0